Professional Education of Employees Provided through Tax School

Vzdelávanie zamestnancov v Daňovej škole na Slovensku. Moderné trendy vzdelávania v znalostnej spoločnosti a odporúčania pre Daňovú školu.

Salvato in:
Dettagli Bibliografici
Autore principale: Antošová, Mária, 1965-
Altri autori: Csikósová, Adriana, Mihalčová, Bohuslava, 1963-
Natura: Capitolo di libro
Lingua:inglese
Soggetti:
Tags: Aggiungi Tag
Nessun Tag, puoi essere il primo ad aggiungerne!!

MARC

LEADER 00000nla$a2200000$$$4500
001 0185493
005 20250821074927.9
041 0 |a eng 
044 |a NL 
245 1 0 |a Professional Education of Employees Provided through Tax School  |c Mária Antošová, Adriana Csikósová, Bohuslava Mihalčová 
520 |a Vzdelávanie zamestnancov v Daňovej škole na Slovensku. Moderné trendy vzdelávania v znalostnej spoločnosti a odporúčania pre Daňovú školu. 
610 2 0 |a zdroje ľudské 
610 2 0 |a vzdelávanie 
610 2 0 |a spoločnosť vedomostná 
610 2 0 |a manažment znalostný 
100 1 |a Antošová, Mária, 1965- 
700 1 |a Csikósová, Adriana 
700 1 |a Mihalčová, Bohuslava, 1963-